000 00398nmm a2200145Ia 4500
008 251105s9999||||xx |||||||||||||||||und||
041 _aspa
100 _aGenova, Lisa
245 0 _aSiempre Alice
264 _a[Madrid, España] :
_bEdiciones B,
_c2015
300 _a336 páginas
650 _aNorth American narrative
856 _uhttps://public.digitaliapublishing.com/a/54100
942 _cCF
999 _c105550
_d105550